| 000 | 00780nam a2200217 a 4500 | ||
|---|---|---|---|
| 001 | 000018535 | ||
| 005 | 20200929165822.0 | ||
| 008 | 100511s1988 cu r 000 f spa d | ||
| 040 |
_aDO-SdBNP _bspa _cBNPHU |
||
| 082 |
_a823.914 _bL232p |
||
| 100 | 1 |
_aLamming, George _d1927- _940087 |
|
| 245 | 1 | 0 |
_aPartes de mi ser / _cGeorge Lamming ; traducción María Teresa Ortega ; edición César Ramos. |
| 260 |
_aLa Habana : _bCasa de las Américas, _c1988. |
||
| 300 |
_a518 p. ; _c19 cm. |
||
| 490 | 1 | _aColección La Honda Casa de las Américas Cuba | |
| 650 | 4 |
_aNovela inglesa _91071 |
|
| 650 | 4 |
_aLiteratura inglesa _9498 |
|
| 700 | 1 |
_aRamos, César, _eed. _913341 |
|
| 700 | 1 |
_aOrtega, María Teresa, _etr. _940088 |
|
| 830 | 0 |
_aColección La Honda Casa de las Américas Cuba _940089 |
|
| 999 |
_c18055 _d18055 |
||